000 00444nam a2200145Ia 4500
999 _c10344
_d10344
008 220308s9999 xx 000 0 und d
020 _a9783869225074
082 _a724.6
100 _a Barbara Engel 
245 0 _aMass housing in the socialist city : heritage, values, and perspectives : case studies in Germany, Russia, and Ukraine
260 _b ‎ DOM Publishers (1 November 2019)
365 _cEUR
365 _d28
942 _2ddc